[Event "EU-ch Amateur Online 1400/1700"]
[Site "Tornelo INT"]
[Date "2021.04.17"]
[Round "4"]
[White "Margaritis, Ioannis M"]
[Black "Cadieu, Corentin"]
[Result "0-1"]
[WhiteElo "1149"]
[BlackElo "1524"]
[PlyCount "126"]
[EventDate "2021.04.17"]
[EventType "swiss (rapid)"]
[EventRounds "8"]
[EventCountry "NET"]
[SourceTitle "EXT 2023"]
[Source "ChessBase"]
[SourceDate "2022.10.05"]
[SourceVersion "1"]
[SourceVersionDate "2022.10.05"]
[SourceQuality "1"]

1. d4 d5 2. c4 c6 3. Nf3 Nf6 4. Qc2 Bg4 5. h3 Bh5 6. Bf4 e6 7. Nbd2 Bd6 8. Ne5 Qc7 9. e3 Nbd7 10. Nxd7 Qxd7 11. Bxd6 Qxd6 12. Bd3 0-0 13. 0-0 e5 14. dxe5 Qxe5 15. cxd5 Nxd5 16. Bxh7+ Kh8 17. Nc4 Qg5 18. Qf5 Qh6 19. g4 g6 20. Qf3 Kxh7 21. gxh5 gxh5 22. Kh2 b5 23. Ne5 Rae8 24. Qf5+ Kh8 25. Nxf7+ Rxf7 26. Qxf7 Rf8 27. Qxa7 Qd6+ 28. Kh1 Rf3 29. Qd4+ Kg8 30. Rg1+ Kf7 31. Qg7+ Ke8 32. Qg6+ Qxg6 33. Rxg6 Rxf2 34. b3 Nxe3 35. Re6+ Kd7 36. Rxe3 Kd6 37. Rd1+ Kc5 38. Re5+ Kb6 39. Rxh5 Rxa2 40. Rf5 Rc2 41. h4 Rc3 42. h5 Rxb3 43. h6 Rh3+ 44. Kg2 Rxh6 45. Rf3 Rh4 46. Rc1 Rh6 47. Kg3 b4 48. Kg4 Rd6 49. Kf5 c5 50. Ke5 Rd8 51. Rf6+ Kb5 52. Rf7 Re8+ 53. Kd6 Rd8+ 54. Kc7 Rd5 55. Kb7 b3 56. Ka7 c4 57. Rc7 Rd4 58. Rb7+ Kc5 59. Rc7+ Kb4 60. Rb7+ Ka3 61. Ka6 b2 62. Rb1 c3 63. Rb6 Ka2 0-1

[Event "FRA-chT U20 Top"]
[Site "Bischwiller"]
[Date "2016.05.15"]
[Round "2"]
[White "Cadieu, Corentin"]
[Black "Bellahcene, Meriem"]
[Result "0-1"]
[WhiteElo "1501"]
[BlackElo "1858"]
[PlyCount "114"]
[EventDate "2016.05.14"]
[EventType "tourn"]
[EventRounds "11"]
[EventCountry "FRA"]
[SourceTitle "EXT 2019"]
[Source "ChessBase"]
[SourceDate "2018.10.10"]
[SourceVersion "1"]
[SourceVersionDate "2018.10.10"]
[SourceQuality "1"]

1. e4 c5 2. Nf3 Nc6 3. Bb5 g6 4. Bxc6 dxc6 5. h3 Bg7 6. 0-0 Nf6 7. Re1 0-0 8. d3 b6 9. Bg5 Re8 10. e5 Nd5 11. a3 Nc7 12. Nbd2 Ne6 13. Bh4 Qd5 14. Bg3 Nd4 15. c3 Nxf3+ 16. Nxf3 Bf5 17. Re3 Bh6 18. Re1 Qxd3 19. Qxd3 Bxd3 20. Bh4 Bg7 21. Rad1 Bf5 22. g4 Be6 23. Nd2 Kf8 24. Nf3 h6 25. Rd3 Red8 26. Red1 Ke8 27. Bg3 Rxd3 28. Rxd3 Rd8 29. Rxd8+ Kxd8 30. Kg2 Bd5 31. h4 Kd7 32. Bf4 Ke6 33. Kg3 Bxf3 34. Kxf3 Kd5 35. b3 b5 36. Ke3 h5 37. gxh5 gxh5 38. Bg5 Bxe5 39. Bxe7 Bxc3 40. Kd3 Bb2 41. a4 bxa4 42. bxa4 c4+ 43. Kc2 Bd4 44. f4 c5 45. Bd8 Ke4 46. Bc7 Bf6 47. Bb8 a6 48. Bd6 Kd5 49. Bb8 Bxh4 50. Kc3 Be1+ 51. Kc2 h4 52. Kd1 Bg3 53. Ke2 h3 54. Kf3 h2 55. Kg2 c3 56. Be5 c2 57. Bb2 Bxf4 0-1